| 000 | 00360nam a22001457a 4500 | ||
|---|---|---|---|
| 008 | 250513b |||||||| |||| 00| 0 eng d | ||
| 020 | _a139780073047645 | ||
| 050 |
_aHD31 _b.J66 |
||
| 100 | _aJones Gareth R. | ||
| 245 | _aThe Contemporary Management | ||
| 250 | _a4th edition | ||
| 260 |
_aNew york _bMcGraw-Hill Irwin _c2006 |
||
| 300 | _a780p. | ||
| 942 | _cBK | ||
| 999 |
_c3447 _d3447 |
||